1135 1540 1994 1583 1256 1079 1290 1079 1658 1306 1623 1159 1821 1592 1316 1931 1533 1813 1719 1860 1326 1432 1576 1532 1020 1034 1778 1036 1238 1209 1662 1006 1612 1722 1215 1305 1521 1158 1248 1332 1530 1912 1560 1906 1577 1353 1256 1433 1179 1197 1737 1938 1240 1355 1787 1757 1053 1624 1618 1413 1645 1433 1125 1768 1021 1700 1468 1016 1733 1196 1058 1837 1623 1726 1990 1435 1905 1534 1736 1335 1266 1516 1673 1442 1904 1926 1592 1073 1222 1455 1939 1845 1759 1874 1680 1251 1243 1680 1298 BCNSPRNW ULIB Ver.6.0+V

เปลี่ยนเป็นภาษาไทย

Change to English
 แสดงรายละเอียดบรรณานุกรม
  กลับหน้าหลัก

Brief Record : Get Marc (ISO 2709) : E-mail record : QR code < ปิดหน้าต่าง
LEADER : 00000nam 2200000uu 4500
001    13399111103
003     ULIB
008    110616s||||||||th 000 0 tha d
020    9749217934
050  4 BF441^bส824ก ล.10 2547
100 0  สุวิทย์ มูลคำ
245 10 กลยุทธ์--การสอนคิดแก้ปัญหา 10/^cสุวิทย์ มูลคำ
246 30 การสอนคิดแก้ปัญหา
246 33 Problem solving thinking
250    พิมพ์ครั้งที่ 1
260    กรุงเทพฯ :^bภาพพิมพ์,^c2547
300    156 หน้า :^bภาพประกอบ ;^c26 ซม.
440  0 ครบเครื่องเรื่องการคิด ;^v10
500    ชื่อเรื่องจากปก
650  7 ความคิดและการคิด^xการศึกษาและการสอน
650  7 การแก้ปัญหา^xการศึกษาและการสอน
945    ^p150^l0^i017867
945    ^p150^l0^i017866
995    ทศพร
999 ^a ใช้งานได้ทุกระบบ
รายการนี้ยังไม่มีแท็ก
คุณยังไม่ได้ล็อกอิน คุณสามารถมีกิจกรรมร่วมกับเว็บไซต์ได้ แต่ต้องล็อกอินก่อน ::
  ล็อกอิน

รายการสื่อสารสนเทศ

ลำดับที่ ประเภท เลขเรียก/บาร์โค้ด สถานที่ สถานะ
- ไม่พบข้อมูล -

รายการใกล้เคียง
    ผู้แต่ง [สุวิทย์ มูลคำ]

BibComment


ยังไม่เคยถูกคอมเมนท์

คอมเมนท์ทรัพยากรรายการนี้
  คอมเมนท์: กลยุทธ์การสอนคิดแ..


 Copyright 2026. Bcnsprnw @Library